Paroles : Hakuna Matata - Le Roi Lion - Statistiques

Statistiques générales
  • Ce quiz a été pris 205 fois
  • Le résultat moyen est 119 sur 156
Statistiques - réponses
Paroles % Correct
Hakuna
100%
Matata,
100%
Matata
100%
Matata!
100%
Que
99%
que
99%
Au
98%
aucun
98%
Ce
98%
Sans
98%
souci,
98%
souci
98%
vie,
97%
fantastique!
96%
Philosophie
96%
ta
96%
tu
96%
vivras
96%
Ces
94%
mots
94%
Quel
94%
Mais
93%
quelle
93%
magnifique
91%
magnifique!
91%
phrase
91%
signifient
91%
chant
88%
le
80%
Un
74%
de
72%
Je
70%
je...
70%
les
69%
la
68%
Il
65%
phacochère
64%
son
64%
et
63%
pas
62%
jour,
60%
une
60%
jeune
59%
odeur
59%
Quand
59%
qui
59%
sentir
59%
sentir!
59%
enfants!
57%
mon
57%
Peut
57%
très
57%
vous
57%
Chaque
56%
fois
56%
J'étais
56%
lieu
56%
poète
56%
Non
55%
plus
55%
dans
54%
devant
54%
fleur
54%
horreur
54%
personne
54%
tout
52%
âme
51%
Bel
51%
Disgrâce
51%
infâme
51%
sommeille.
51%
cochon
50%
cœurs.
50%
tempête
50%
comprit
49%
Merci!
48%
(Oh!
48%
Oh!
48%
Soulevait
48%
martyr
47%
organe
46%
déclenche
44%
y'a
44%
petit!
41%
chante
40%
Inonde
40%
Pardon!
39%
Ça
36%
Pumbaa,
28%
arrête!)
27%
Ouais,
27%
(Pitié,
19%
pue
19%
drame)
17%
(Parfum
17%
d'infâme)
11%
Aucun quiz correspondant
Distribution des résultats
% des personnes avec chaque résultat
Percentile par nombre de réponses
Votre historique - résultats
Vous n’avez pas pris ce quiz